000 00760cab a22002175a 4500
001 L154686
008 120112e20120107xxk 000 0 eng d
035 _a(Sirsi) u154686
041 0 _aeng
100 1 _aMorris, Oliver
245 0 0 _aToo cheap by half
260 _c2012
490 _aEstates Gazette
_v(1201) 7 January 2012, 50-51(2)
520 _aRisks of buying assets at an undervalue. Includes advice on purchasing a distressed sale bargain and the problems a landlord can have in relation to tenants paying rent after a petition for their winding-up has been presented against them.
590 _aKA
651 4 _aUnited Kingdom
_y
690 _aProperty management
_96262
690 _aProcurement-old
700 1 _aGarry, Peter
942 _n0
999 _c83705
_d83705